Uncovering Early Galaxy Evolution in the ALMA and JWST Era (Record no. 22059)
[ view plain ]
| 000 -LEADER | |
|---|---|
| fixed length control field | 00982nam a2200229Ia 4500 |
| 003 - CONTROL NUMBER IDENTIFIER | |
| control field | IN-BaIIA |
| 008 - FIXED-LENGTH DATA ELEMENTS--GENERAL INFORMATION | |
| fixed length control field | 211028s9999 xx s 000 0 eng d |
| 020 ## - INTERNATIONAL STANDARD BOOK NUMBER | |
| International Standard Book Number | 978-1-108-49213-3 (Print) |
| 022 ## - INTERNATIONAL STANDARD SERIAL NUMBER | |
| International Standard Serial Number | 1743-9213 (Print) |
| 022 ## - INTERNATIONAL STANDARD SERIAL NUMBER | |
| International Standard Serial Number | 1743-9221 (Online) |
| 040 ## - CATALOGING SOURCE | |
| Transcribing agency | IIA Library |
| 100 ## - MAIN ENTRY--PERSONAL NAME | |
| Personal name | da Cunha, E., ed. |
| 9 (RLIN) | 40761 |
| 245 #0 - TITLE STATEMENT | |
| Title | Uncovering Early Galaxy Evolution in the ALMA and JWST Era |
| Medium | [eBook] |
| 260 ## - PUBLICATION, DISTRIBUTION, ETC. | |
| Place of publication, distribution, etc. | Cambridge |
| Name of publisher, distributor, etc. | Cambridge University Press |
| Date of publication, distribution, etc. | 2020 |
| 300 ## - PHYSICAL DESCRIPTION | |
| Extent | Online resource |
| 490 ## - SERIES STATEMENT | |
| Series statement | IAU Symposium; no. 352 |
| 700 ## - ADDED ENTRY--PERSONAL NAME | |
| Personal name | Afonso, J., ed. |
| 9 (RLIN) | 40762 |
| 700 ## - ADDED ENTRY--PERSONAL NAME | |
| Personal name | Hodge, J., ed. |
| 9 (RLIN) | 40763 |
| 700 ## - ADDED ENTRY--PERSONAL NAME | |
| Personal name | Pentericci, L., ed. |
| 9 (RLIN) | 40764 |
| 856 ## - ELECTRONIC LOCATION AND ACCESS | |
| Uniform Resource Identifier | <a href="https://www.cambridge.org/core/journals/proceedings-of-the-international-astronomical-union/issue/uncovering-early-galaxy-evolution-in-the-alma-and-jwst-era/E948747822E39361A90A7E27D9FA11CE">https://www.cambridge.org/core/journals/proceedings-of-the-international-astronomical-union/issue/uncovering-early-galaxy-evolution-in-the-alma-and-jwst-era/E948747822E39361A90A7E27D9FA11CE</a> |
| Link text | Click Here to Access eBook |
| 942 ## - ADDED ENTRY ELEMENTS (KOHA) | |
| Koha item type | eBooks |
| Withdrawn status | Lost status | Damaged status | Not for loan | Home library | Current library | Date acquired | Source of acquisition | Total Checkouts | Barcode | Date last seen | Uniform Resource Identifier | Price effective from | Koha item type |
|---|---|---|---|---|---|---|---|---|---|---|---|---|---|
| IIA Library-Bangalore | IIA Library-Bangalore | 01/04/2014 | CUP | EB1519 | 05/11/2021 | https://www.cambridge.org/core/journals/proceedings-of-the-international-astronomical-union/issue/uncovering-early-galaxy-evolution-in-the-alma-and-jwst-era/E948747822E39361A90A7E27D9FA11CE | 05/11/2021 | eBooks |